[Event "IECG CP.2000.P.00082"]
[Site "IECG email"]
[Date "2000.10.01"]
[Round "?"]
[White "Sampaio Vianna Braga, Carlos Fernando"]
[Black "Antonas, Nick"]
[Result "1/2-1/2"]
[WhiteElo "950"]
[BlackElo "1638"]
[PlyCount "101"]
[EventDate "2000.10.01"]
[EventType "tourn (corr)"]
[EventRounds "6"]
[EventCountry "ESP"]
[SourceTitle "Corr 2008"]
[Source "ChessBase"]
[SourceDate "2008.06.24"]
[SourceVersion "1"]
[SourceVersionDate "2008.06.24"]
[SourceQuality "1"]

1. d4 Nf6 2. c4 e6 3. Nc3 Bb4 4. e3 0-0 5. Bd3 d5 6. Nf3 b6 7. 0-0 Bb7 8. cxd5 exd5 9. a3 Bxc3 10. bxc3 Nbd7 11. c4 c5 12. Bb2 Ne4 13. cxd5 Bxd5 14. Nd2 Nxd2 15. Qxd2 Qg5 16. f4 Qe7 17. dxc5 Nxc5 18. Bxh7+ Kxh7 19. Qxd5 Qxe3+ 20. Kh1 Qe6 21. Qf3 Qf5 22. Rad1 Rad8 23. Qg3 f6 24. Bd4 Rfe8 25. Bxc5 bxc5 26. Qh4+ Kg8 27. Qf2 Rxd1 28. Rxd1 Qg4 29. Rc1 Re2 30. Qg3 Qxg3 31. hxg3 Re3 32. Rxc5 Rxa3 33. Kh2 a5 34. g4 Kf7 35. Rc7+ Kg6 36. Ra7 a4 37. Ra8 Kh6 38. Ra5 Ra1 39. Ra6 a3 40. g5+ Kh5 41. gxf6 gxf6 42. Kh3 f5 43. Kg3 a2 44. Ra5 Kg6 45. Kf2 Kf6 46. Ra6+ Ke7 47. Kg3 Kd7 48. Ra5 Kc6 49. Kf2 Kb6 50. Ra3 Kb5 51. Ra7 1/2-1/2

[Event "IECG C1.1999.0.00223"]
[Site "IECG email"]
[Date "1999.07.09"]
[Round "?"]
[White "Antonas, Nick"]
[Black "Marshall, Mario"]
[Result "1-0"]
[WhiteElo "1908"]
[BlackElo "2186"]
[PlyCount "25"]
[EventDate "1999.07.09"]
[EventType "tourn (corr)"]
[EventRounds "6"]
[SourceTitle "Corr 2008"]
[Source "ChessBase"]
[SourceDate "2008.06.24"]
[SourceVersion "1"]
[SourceVersionDate "2008.06.24"]
[SourceQuality "1"]

1. d4 d5 2. c4 dxc4 3. e4 c5 4. d5 Nf6 5. Nc3 b5 6. e5 b4 7. exf6 bxc3 8. bxc3 Nd7 9. Qa4 gxf6 10. Bf4 a5 11. Bxc4 Bg7 12. Bd3 Kf8 13. c4 1-0

[Event "IECG C1.1999.0.00223"]
[Site "IECG email"]
[Date "1999.07.09"]
[Round "?"]
[White "Antonas, Nick"]
[Black "Reichardt, Markus"]
[Result "0-1"]
[WhiteElo "1908"]
[BlackElo "1929"]
[PlyCount "68"]
[EventDate "1999.07.09"]
[EventType "tourn (corr)"]
[EventRounds "6"]
[SourceTitle "Corr 2008"]
[Source "ChessBase"]
[SourceDate "2008.06.24"]
[SourceVersion "1"]
[SourceVersionDate "2008.06.24"]
[SourceQuality "1"]

1. d4 Nf6 2. c4 g6 3. Nc3 d5 4. cxd5 Nxd5 5. e4 Nxc3 6. bxc3 Bg7 7. Bc4 c5 8. Ne2 0-0 9. 0-0 Nc6 10. Be3 Bg4 11. f3 Na5 12. Bd3 cxd4 13. cxd4 Be6 14. Qa4 a6 15. Rac1 b5 16. Qc2 Nc4 17. Bxc4 Bxc4 18. e5 Qa5 19. Ra1 Qa3 20. Bc1 Qa5 21. Bd2 Qb6 22. Bb4 Bxe5 23. Bc5 Qc7 24. h3 Rfd8 25. Rfd1 Bg7 26. Nc3 Rd7 27. Qe4 Rad8 28. f4 b4 29. Na4 Bd5 30. Qe3 Bb7 31. Nb2 Qc6 32. Rd2 Rxd4 33. Rc2 R4d5 34. Rac1 Rxc5 0-1

[Event "IECG C1.1999.0.00223"]
[Site "IECG email"]
[Date "1999.07.09"]
[Round "?"]
[White "Celedon, Ivan"]
[Black "Antonas, Nick"]
[Result "1/2-1/2"]
[WhiteElo "2054"]
[BlackElo "1908"]
[PlyCount "136"]
[EventDate "1999.07.09"]
[EventType "tourn (corr)"]
[EventRounds "6"]
[SourceTitle "Corr 2008"]
[Source "ChessBase"]
[SourceDate "2008.06.24"]
[SourceVersion "1"]
[SourceVersionDate "2008.06.24"]
[SourceQuality "1"]

1. d4 d5 2. c4 c6 3. cxd5 cxd5 4. Nc3 Nf6 5. Nf3 Nc6 6. g3 e6 7. Bg2 Be7 8. 0-0 0-0 9. a3 a5 10. Bg5 h6 11. Bxf6 Bxf6 12. e3 b6 13. Rc1 Ba6 14. Re1 Qd7 15. e4 dxe4 16. Nxe4 Bxd4 17. Rxc6 Qxc6 18. Nxd4 Qc7 19. Nc6 Bb7 20. Qd6 Qxd6 21. Nxd6 Bxc6 22. Bxc6 Rad8 23. Nc4 Rc8 24. Bb5 Rfd8 25. a4 Rd4 26. b3 Rb8 27. f4 g5 28. fxg5 hxg5 29. Kf2 Kg7 30. h3 Rd5 31. Re2 Kf6 32. Bc6 Rc5 33. Bg2 Ke7 34. Re5 Rxe5 35. Nxe5 Rc8 36. Nc4 Rc5 37. Ke3 f5 38. Kd4 Kf6 39. Nxb6 Rc2 40. Bf1 Rf2 41. Bc4 Rf3 42. Nd7+ Ke7 43. Nc5 Rxg3 44. Nxe6 Kf6 45. Nc7 Rxh3 46. Nd5+ Kg7 47. Ke5 f4 48. Kf5 Kh6 49. Nf6 Rg3 50. Bf7 Kg7 51. Bd5 Kh6 52. Ne4 Rg1 53. Nf6 Rc1 54. Bc4 Rc2 55. Ng4+ Kh5 56. Ne5 Kh4 57. Nf3+ Kg3 58. Nxg5 f3 59. Ne4+ Kg2 60. Ke5 f2 61. Nxf2 Rxf2 62. Kd5 Rf8 63. Kc6 Rf6+ 64. Kb5 Rf5+ 65. Ka6 Kf2 66. Bb5 Rf3 67. Kxa5 Rxb3 68. Kb6 Ra3 1/2-1/2

[Event "IECG CP.1998.P.00028"]
[Site "IECG email"]
[Date "1998.??.??"]
[Round "?"]
[White "Antonas, Nick"]
[Black "Valverde Toresano, Andres"]
[Result "0-1"]
[WhiteElo "1908"]
[BlackElo "2291"]
[PlyCount "82"]
[EventDate "1998.10.01"]
[EventType "tourn (corr)"]
[EventRounds "6"]
[EventCountry "ESP"]
[SourceTitle "Corr 2008"]
[Source "ChessBase"]
[SourceDate "2008.06.24"]
[SourceVersion "1"]
[SourceVersionDate "2008.06.24"]
[SourceQuality "1"]

1. d4 d5 2. Nf3 Nf6 3. Bg5 Ne4 4. Bf4 Bf5 5. e3 e6 6. Be2 Bd6 7. Bxd6 Qxd6 8. Nbd2 0-0 9. Nh4 Nd7 10. Nxf5 exf5 11. 0-0 Ndf6 12. h3 f4 13. exf4 Qxf4 14. Nf3 Rfe8 15. Qd3 Re6 16. Rad1 Rae8 17. Ne5 c5 18. c3 c4 19. Qf3 Qxf3 20. Bxf3 Rb6 21. Bxe4 Nxe4 22. f3 Ng3 23. Rf2 f6 24. Kh2 Nh5 25. Nd7 Rd6 26. Nc5 b6 27. Na4 Rde6 28. g3 Re3 29. Kg2 g6 30. Rdd2 Kf7 31. Rc2 f5 32. b3 b5 33. Nc5 R8e7 34. bxc4 bxc4 35. Rfd2 g5 36. Rf2 f4 37. g4 Ng3 38. Rfd2 h5 39. Na4 hxg4 40. hxg4 Re1 41. Rb2 Nf1 0-1

[Event "IECG CP.1998.P.00028"]
[Site "IECG email"]
[Date "1998.??.??"]
[Round "?"]
[White "Martucci, Massimo"]
[Black "Antonas, Nick"]
[Result "1-0"]
[WhiteElo "800"]
[BlackElo "1908"]
[PlyCount "59"]
[EventDate "1998.10.01"]
[EventType "tourn (corr)"]
[EventRounds "6"]
[EventCountry "ESP"]
[SourceTitle "Corr 2008"]
[Source "ChessBase"]
[SourceDate "2008.06.24"]
[SourceVersion "1"]
[SourceVersionDate "2008.06.24"]
[SourceQuality "1"]

1. c4 e5 2. Nc3 Nc6 3. Nf3 Nf6 4. d4 exd4 5. Nxd4 Bb4 6. Nxc6 bxc6 7. Bd2 0-0 8. e3 Bb7 9. Bd3 Rb8 10. 0-0 d5 11. Nxd5 Nxd5 12. cxd5 Bxd2 13. Qxd2 Qxd5 14. Rfd1 Qg5 15. Qc2 c5 16. Bxh7+ Kh8 17. Be4 Bxe4 18. Qxe4 Rfe8 19. Rd5 Rxe4 20. Rxg5 c4 21. Rc5 Rb7 22. Rd1 f6 23. Rd2 Kg8 24. Re2 Kf7 25. f3 Rh4 26. Rc2 Kg6 27. g4 Rh8 28. R5xc4 Rc8 29. h4 Kf7 30. Kg2 1-0